000 00690nam a2200205Ia 4500
001 14615
003 GE_BSU
008 181216s||||||||xx |||||||||||||| ||und||
040 _cGE_BSU
080 _a821.133.1
100 _aვაჟა-ფშაველა
245 _aთხზულებანი
245 _cშეადგ.მურმან ლებანიძემ. წინასიტყვ.ავტ.მ.წიკლაური
260 _aთბილისი
260 _bსაბჭოთა საქართველო
260 _c1985
300 _a781გვ.1ფ.პორტრ.21სმ.
653 _aთხზულებანი
942 _cBK
999 _c47744
_d47744